| 000 | 00514nam a2200157 i 4500 | ||
|---|---|---|---|
| 001 | 63437 | ||
| 003 | ES-MaACL | ||
| 005 | 20230906164852.0 | ||
| 007 | t| | ||
| 008 | 031210s1963 sp ||||1| spa d | ||
| 100 | 1 |
_aFerrer Arellano, Joaquín. _950443 |
|
| 245 | 1 | 0 |
_aFilosofía de las relaciones jurídicas _b: (la relación en si misma, las relaciones sociales de derecho) / _cJoaquín Ferrer Arellano. |
| 260 |
_aMadrid : _bRialp, _c1963. |
||
| 300 |
_a414 p. ; _c22 cm. |
||
| 852 |
_aES-MaACL _jC-24619 _bR.53422 |
||
| 999 |
_c63437 _d63437 |
||